Here I stand : verbatim testimony of second Republican President Dr. Frederick Chiluba (Record no. 76167)
[ view plain ]
| 000 -LEADER | |
|---|---|
| fixed length control field | 01118nam a2200193 a 4500 |
| 008 - FIXED-LENGTH DATA ELEMENTS--GENERAL INFORMATION | |
| fixed length control field | 091103s2009 ||||||||||||||||| || u |
| 050 ## - LIBRARY OF CONGRESS CALL NUMBER | |
| Classification number | KG 3646 Her |
| 100 ## - MAIN ENTRY--PERSONAL NAME | |
| Personal name | Zambia. President (1991 - 2001: Chiluba) |
| 245 10 - TITLE STATEMENT | |
| Title | Here I stand : verbatim testimony of second Republican President Dr. Frederick Chiluba |
| 246 ## - | |
| -- | I did not steal public funds, infact government owes me money |
| 260 ## - PUBLICATION, DISTRIBUTION, ETC. | |
| Place of publication, distribution, etc. | Lusaka |
| Name of publisher, distributor, etc. | ZDA Press Service |
| Date of publication, distribution, etc. | 2009 |
| 300 ## - PHYSICAL DESCRIPTION | |
| Extent | 80 pages |
| 350 ## - | |
| -- | 50000.00 |
| 500 ## - GENERAL NOTE | |
| General note | Verbatim testimony of second Republican President Dr. Frederick Chiluba before Ndola High Court deputy Registrar Jones Chinyama sitting as magistrate in Lusaka 27/01/2009 to 29/01/2009 |
| 650 ## - SUBJECT ADDED ENTRY--TOPICAL TERM | |
| Topical term or geographic name entry element | CHILUBA, FREDERICK--ZAMBIA--PRESIDENT OF |
| 700 ## - ADDED ENTRY--PERSONAL NAME | |
| Personal name | Chiluba, Frederick Titus Jacob, 1943- |
| 995 ## - | |
| -- | SPECIAL COLLECTIONS |
| -- | 50000.00 |
| -- | 740480 |
| -- | CBU-MAIN LIBRARY (Kitwe) |
| -- | 1 |
| -- | 50000.00 |
| -- | ZAM KG 3646 HER |
| -- | 1 |
| -- | AVAILABLE |
| -- | Dec 30, 2009 |
| -- | 740480 |
| -- | Zambiana Collection |
| 995 ## - | |
| -- | SPECIAL COLLECTIONS |
| -- | 50000.00 |
| -- | 740481 |
| -- | CBU-MAIN LIBRARY (Kitwe) |
| -- | 1 |
| -- | 50000.00 |
| -- | ZAM KG 3646 HER |
| -- | 2 |
| -- | AVAILABLE |
| -- | Dec 30, 2009 |
| -- | 740481 |
| -- | Zambiana Collection |
| 999 ## - | |
| -- | 76167 |
| -- | 76167 |
| Withdrawn status | Lost status | Source of classification or shelving scheme | Damaged status | Not for loan | Permanent Location | Current Location | Shelving location | Date acquired | Total Checkouts | Full call number | Barcode | Date last seen | Copy number | Price effective from | Koha item type |
|---|---|---|---|---|---|---|---|---|---|---|---|---|---|---|---|
| CBU-MAIN LIBRARY, KITWE. | CBU-MAIN LIBRARY, KITWE. | 04/25/2023 | KG 3646 Her | 740480 | 04/25/2023 | 1 | 04/25/2023 | SPECIAL COLLECTION | |||||||
| CBU-MAIN LIBRARY, KITWE. | CBU-MAIN LIBRARY, KITWE. | 04/25/2023 | KG 3646 Her | 740481 | 04/25/2023 | 2 | 04/25/2023 | SPECIAL COLLECTION |